00929nam a2200217 a 450000100060000000300080000600500170001400800410003103500190007204000350009104100080012608200250013410000250015924501860018426000800037030000450045050200840049550400360057965000610061570000350067680834BD-RjUL20230605115218.0221123s1992 bg a|||| m||| 00| 0 eng d a(BD-RjUL)80834 aBD-RjULbengcBD-RjULdBD-RjUL aeng 223a595.76bSUE 1992 aSultana, Mst. Shajia10aEFFECT OF CUSTARD APPLE (ANNONA SQUAMOSA L. ) EXTRACT ON THE MORTALITY OF THE RED-FLOUR BEETLE, TRIBOLIUM CASTANEUM HBST. /cBy Mst. Shajia Sultana ;6Supervision : M. Khalequzzaman aRajshahi :bInstitute of Biological Sciences, University of Rajshahi,c1992 a[5], v, [1], 155 leaves :bill.;c29 cm. aThesis(M.Phil.)-- Institute of Biological Sciences, University of Rajshahi,1992 aLiterature Cited : Leaves 81-88 aAgricultural EntomologyxRed-Flour BeetlevCustard Apple aKhalequzzaman, M. Supervision